000
00269nmm a2200085Ia 4500
008
220120s9999||||xx |||||||||||||||||und||
100
_a
PCQ April 2010
_9
11205
245
0
_a
34ys to communicate, 12chat & webcam software, 10sms tools,
260
_a
Cyber tach publication
_c
2010
999
_c
139473
_d
139473